000
00339nam a2200133 a 4500
005
20140412111427.0
008
090701s19uu xx 00 eng d
020
_a
1904725341
050
_a
ER
_b
Q34 2006
245
_a
Queenie:
_b
the quivering quilt.
260
_a
Great Britain :
_b
Hoo Ho House,
_c
2006.
300
_a
24
999
_c
106249
_d
106249